Quiz of Kings of England and the United Kingdom - Statistics

General Stats
  • This quiz has been taken 55 times
  • The average score is 35 of 66
Answer Stats
Years Reigned Monarch % Correct
1066-1087 William I/William the Conqueror
85%
1558-1603 Elizabeth I
80%
1483 Edward V
75%
1952-Present Elizabeth II
75%
1910-1936 George V
75%
1936-1952 George VI
75%
1837-1901 Victoria
75%
1272-1307 Edward I
73%
1547-1553 Edward VI
73%
1901-1910 Edward VII
73%
1936 Edward VIII
73%
1714-1727 George I
73%
1727-1760 George II
73%
1760-1820 George III
73%
1100-1135 Henry I
73%
1154-1189 Henry II
73%
1413-1422 Henry V
73%
1422-1461 Henry VI
73%
1470-1471 Henry VI
73%
1485-1509 Henry VII
73%
1509-1547 Henry VIII
73%
1625-1649 Charles I
70%
1820-1830 George IV
70%
1216-1272 Henry III
70%
1399-1413 Henry IV
70%
1702-1714 Anne
68%
1660-1685 Charles II
68%
1307-1327 Edward II
68%
1461-1470 Edward IV
68%
1471-1483 Edward IV
68%
1553-1558 Mary I/Bloody Mary
68%
1035-1154 Stephen
68%
1327-1377 Edward III
65%
1199-1216 John
65%
1689-1694 Mary II
65%
1189-1199 Richard I
65%
1483-1485 Richard III
65%
1087-1100 William II
65%
1689-1702 William III
65%
1603-1625 James I
63%
1685-1688 James II
63%
1830-1837 William IV
63%
886-889 Alfred the Great
53%
1377-1399 Richard II
50%
1553 Jane
45%
1043-1066 Edward the Confessor
38%
1141 Matilda
38%
1016-1035 Canute/Cnut the Great
35%
1554-1558 Philip
35%
1066 Harold Godwinson
30%
939-946 Edmund I
28%
899-924 Edward the Elder
23%
946-955 Eadred
20%
924-939 Æthelstan
18%
978-1013 Æthelred
15%
1014-1016 Æthelred
15%
975-978 Edward the Martyr
15%
1216-1217 Louis I
15%
955-959 Eadwig
13%
1016 Edmund Ironside
13%
1040-1042 Harthacnut
13%
1035-1040 Harold Harefoot
10%
1013-1014 Sweyn
10%
924 Ælfweard
8%
959-975 Edgar the Peaceful
8%
1066 Edgar Ætheling
5%
No matching quizzes found
Score Distribution
Percent of People with Each Score
Percentile by Number Answered
Your Score History
You have not taken this quiz